<?xml version="1.0" encoding="UTF-8"?><?xml-stylesheet type="text/xsl" href="static/style.xsl"?><OAI-PMH xmlns="http://www.openarchives.org/OAI/2.0/" xmlns:xsi="http://www.w3.org/2001/XMLSchema-instance" xsi:schemaLocation="http://www.openarchives.org/OAI/2.0/ http://www.openarchives.org/OAI/2.0/OAI-PMH.xsd"><responseDate>2026-04-13T01:54:49Z</responseDate><request verb="GetRecord" identifier="oai:www.recercat.cat:2117/443222" metadataPrefix="marc">https://recercat.cat/oai/request</request><GetRecord><record><header><identifier>oai:recercat.cat:2117/443222</identifier><datestamp>2025-10-08T04:35:09Z</datestamp><setSpec>com_2072_1033</setSpec><setSpec>col_2072_452951</setSpec></header><metadata><record xmlns="http://www.loc.gov/MARC21/slim" xmlns:dcterms="http://purl.org/dc/terms/" xmlns:xsi="http://www.w3.org/2001/XMLSchema-instance" xmlns:doc="http://www.lyncode.com/xoai" xsi:schemaLocation="http://www.loc.gov/MARC21/slim http://www.loc.gov/standards/marcxml/schema/MARC21slim.xsd">
   <leader>00925njm 22002777a 4500</leader>
   <datafield ind2=" " ind1=" " tag="042">
      <subfield code="a">dc</subfield>
   </datafield>
   <datafield ind2=" " ind1=" " tag="720">
      <subfield code="a">Boronat Aranega, Oriol</subfield>
      <subfield code="e">author</subfield>
   </datafield>
   <datafield ind2=" " ind1=" " tag="260">
      <subfield code="c">2025-06</subfield>
   </datafield>
   <datafield ind2=" " ind1=" " tag="520">
      <subfield code="a">Aquest treball final de màster presenta el desenvolupament d’una eina computacional per al predimensionament de turbines hidràuliques del tipus Francis, implementada mitjançant el llenguatge de programació MATLAB. L’objectiu principal és proporcionar una eina de càlcul senzilla però robusta que permeti, a partir de dades bàsiques d’entrada com el cabal, el salt net i la potència, estimar els principals paràmetres geomètrics i hidràulics de la turbina en la seva fase inicial de disseny. La metodologia ha combinat una revisió teòrica dels fonaments de les turbines Francis amb la digitalització i interpolació de gràfiques experimentals provinents de la bibliografia tècnica. El codi s’ha estructurat de manera modular i flexible, permetent l’ús de diferents conjunts de dades d’entrada i oferint una representació gràfica detallada dels resultats, incloent-hi els triangles de velocitats i les seccions del rodet. Els resultats obtinguts mostren una diferencia entre els valors teòrics i experimentals, amb errors relatius continguts entre un 2 i 10 % en la comparació amb el prototip de dues turbines. A més, s’ha demostrat que el programa és capaç d’identificar el tipus de rodet òptim (lent, normal o ràpid) en funció de la velocitat específica. En conclusió, el programa desenvolupat representa una eina útil tant en entorns acadèmics com professionals per al predimensionament inicial de turbines Francis. La seva estructura adaptable permet futures ampliacions per a altres màquines hidràuliques i reforça el coneixement tècnic al voltant del disseny hidràulic en l’àmbit de les energies renovables.</subfield>
   </datafield>
   <datafield ind1="8" ind2=" " tag="024">
      <subfield code="a">http://hdl.handle.net/2117/443222</subfield>
   </datafield>
   <datafield tag="653" ind2=" " ind1=" ">
      <subfield code="a">Àrees temàtiques de la UPC::Enginyeria mecànica::Motors::Turbines</subfield>
   </datafield>
   <datafield tag="653" ind2=" " ind1=" ">
      <subfield code="a">Hydraulic turbines--Design and construction--Mathematical models</subfield>
   </datafield>
   <datafield tag="653" ind2=" " ind1=" ">
      <subfield code="a">Turbines hidràuliques--Disseny i construcció--Models matemàtics</subfield>
   </datafield>
   <datafield ind2="0" ind1="0" tag="245">
      <subfield code="a">Programa de predimensionament d’una turbina Francis</subfield>
   </datafield>
</record></metadata></record></GetRecord></OAI-PMH>